000 00616nam a22001817a 4500
005 20250820123102.0
010 _aENG-146479
020 _a9789360620387
_c350.00
035 _aEN-130011
037 _aDBAD
_bDPL
082 _a425
_21
100 _aPrasad, Jagdish
_984107
245 _aA Book of Easy Way to Learn English/
_cJagdish Prasad
260 _aDelhi.
_bEducational Publishing House
_c2024
270 _aD1/16, Ansari Road, Darya Ganj
_bNew Delhi
_e110002
_k011-45678203
_k011-45678285
_k011-45678286
_minfo@ephbooks.com
300 _a115p
_b21cm.(pb.)
942 _2ddc
_cEN
_e2008
_h425
_mPRA
999 _c213032
_d213032